World Editors : Dynamics of Global Publishing and the Latin American Case Between the Archive and the Digital Age.

The book series "Latin American Literatures of the World" presents an innovative understanding of literatures written in Latin America and the Caribbean. Informed by current perspectives on world literary studies and cultural theory, it focuses on works that deal with the multiple global c...

Full description

Bibliographic Details
Main Author: Guerrero, Gustavo.
Other Authors: Loy, Benjamin., Müller, Gesine.
Format: eBook
Language:English
Published: Berlin/Boston : Walter de Gruyter GmbH, 2020.
Edition:1st ed.
Series:Latin American Literatures in the World / Literaturas Latinoamericanas en el Mundo Series
Subjects:
Online Access:Click to View
LEADER 02187nam a22004093i 4500
001 EBC7014834
003 MiAaPQ
005 20231204023225.0
006 m o d |
007 cr cnu||||||||
008 231204s2020 xx o ||||0 eng d
020 |a 9783110713015  |q (electronic bk.) 
035 |a (MiAaPQ)EBC7014834 
035 |a (Au-PeEL)EBL7014834 
035 |a (OCoLC)1229161819 
040 |a MiAaPQ  |b eng  |e rda  |e pn  |c MiAaPQ  |d MiAaPQ 
082 0 |a 070.50980904 
100 1 |a Guerrero, Gustavo. 
245 1 0 |a World Editors :  |b Dynamics of Global Publishing and the Latin American Case Between the Archive and the Digital Age. 
250 |a 1st ed. 
264 1 |a Berlin/Boston :  |b Walter de Gruyter GmbH,  |c 2020. 
264 4 |c ©2021. 
300 |a 1 online resource (450 pages) 
336 |a text  |b txt  |2 rdacontent 
337 |a computer  |b c  |2 rdamedia 
338 |a online resource  |b cr  |2 rdacarrier 
490 1 |a Latin American Literatures in the World / Literaturas Latinoamericanas en el Mundo Series ;  |v v.8 
520 |a The book series "Latin American Literatures of the World" presents an innovative understanding of literatures written in Latin America and the Caribbean. Informed by current perspectives on world literary studies and cultural theory, it focuses on works that deal with the multiple global connections of Latin American literatures. This comprises determined aesthetics and forms of writing, as well as book-market-related phenomena. 
588 |a Description based on publisher supplied metadata and other sources. 
590 |a Electronic reproduction. Ann Arbor, Michigan : ProQuest Ebook Central, 2023. Available via World Wide Web. Access may be limited to ProQuest Ebook Central affiliated libraries.  
655 4 |a Electronic books. 
700 1 |a Loy, Benjamin. 
700 1 |a Müller, Gesine. 
776 0 8 |i Print version:  |a Guerrero, Gustavo  |t World Editors  |d Berlin/Boston : Walter de Gruyter GmbH,c2020 
797 2 |a ProQuest (Firm) 
830 0 |a Latin American Literatures in the World / Literaturas Latinoamericanas en el Mundo Series 
856 4 0 |u https://ebookcentral.proquest.com/lib/matrademy/detail.action?docID=7014834  |z Click to View